000 00436nam a22001817a 4500
003 koha_MIRAKIL
005 20231213095410.0
008 231213b |||||||| |||| 00| 0 ||| d
020 _b978-9-75403050-1
040 _aTR-IsEVY
_btur
_cTR-IsEVY
082 _a530 KIN/V
100 _aKING, COLİN.
245 0 _aVÜCUDUMUZ NASIL ÇALIŞIR?
260 _bTÜBİTAK,
_c1996
300 _a[ ] p.
650 _aFizik.
942 _2ddc
_cBK
999 _c2965
_d2965